[Event "Monarch Assurance Isle of Man 10th"]
[Site "Port Erin IOM"]
[Date "2001.10.01"]
[Round "3.18"]
[White "Yurenok, Maria"]
[Black "Smith, Andrew P"]
[Result "0-1"]
[WhiteElo "2088"]
[BlackElo "2234"]
[PlyCount "90"]
[EventDate "2001.09.29"]
[EventType "swiss"]
[EventRounds "9"]
[EventCountry "IOM"]
[SourceTitle "BritBase"]
[SourceDate "2008.07.14"]
[SourceVersion "1"]
[SourceVersionDate "2008.07.14"]
[SourceQuality "2"]

1. d4 Nf6 2. Nf3 g6 3. Bg5 Bg7 4. Nbd2 d6 5. e4 h6 6. Bf4 g5 7. Be3 Ng4 8. Bd3
Nxe3 9. fxe3 Nd7 10. c3 b6 11. Qe2 Bb7 12. O-O-O e6 13. Rdf1 Qe7 14. Ne1 O-O-O
15. Ba6 Nb8 16. Bxb7+ Kxb7 17. Nd3 Rhf8 18. g4 c5 19. Rf3 Qc7 20. Kb1 Nc6 21.
Qf2 Rd7 22. h4 gxh4 23. Rxh4 cxd4 24. exd4 Rc8 25. Nb3 a5 26. a3 Nd8 27. Nf4
Qc6 28. Nd2 Rdc7 29. Nh5 Bf8 30. Nf6 Qa4 31. d5 Bg7 32. Rhh3 Qd1+ 33. Ka2 Bxf6
34. Rxf6 Qxg4 35. Rfxh6 Qd1 36. Qd4 Qc2 37. Ka1 Ka7 38. Rf6 Nb7 39. Rf1 Nc5 40.
Ka2 exd5 41. exd5 Re7 42. Rhf3 Rcc7 43. c4 Na4 44. Rb1 Re2 45. Rd3 Nc5 0-1

[Event "Monarch Assurance Isle of Man 10th"]
[Site "Port Erin IOM"]
[Date "2001.10.01"]
[Round "3.19"]
[White "Jackson, Adrian"]
[Black "Ellison, D George"]
[Result "1/2-1/2"]
[WhiteElo "2230"]
[BlackElo "2104"]
[PlyCount "40"]
[EventDate "2001.09.29"]
[EventType "swiss"]
[EventRounds "9"]
[EventCountry "IOM"]
[SourceTitle "BritBase"]
[SourceDate "2008.07.14"]
[SourceVersion "1"]
[SourceVersionDate "2008.07.14"]
[SourceQuality "2"]

1. e4 c5 2. Nf3 d6 3. d4 cxd4 4. Nxd4 Nf6 5. Nc3 a6 6. Bc4 e6 7. Bb3 Nc6 8. O-O
Be7 9. a4 Qa5 10. Be3 O-O 11. Kh1 Bd7 12. f4 Nxd4 13. Qxd4 Rfd8 14. f5 Kh8 15.
fxe6 fxe6 16. Qd3 Rac8 17. Bd4 Qh5 18. Rf3 Ng4 19. Rh3 Qg6 20. Rf1 Rf8 1/2-1/2

[Event "Monarch Assurance Isle of Man 10th"]
[Site "Port Erin IOM"]
[Date "2001.10.01"]
[Round "3.20"]
[White "McNally, Bruce"]
[Black "Simons, Martin"]
[Result "0-1"]
[WhiteElo "2010"]
[BlackElo "2215"]
[PlyCount "88"]
[EventDate "2001.09.29"]
[EventType "swiss"]
[EventRounds "9"]
[EventCountry "IOM"]
[SourceTitle "BritBase"]
[SourceDate "2008.07.14"]
[SourceVersion "1"]
[SourceVersionDate "2008.07.14"]
[SourceQuality "2"]

1. d4 Nf6 2. Nf3 g6 3. e3 Bg7 4. Bd3 O-O 5. Nbd2 d6 6. O-O Nbd7 7. c3 e5 8. Qc2
Re8 9. e4 Qe7 10. Re1 Nh5 11. Nf1 Nf8 12. Bg5 Bf6 13. Qd2 Ne6 14. Be3 Nhf4 15.
Ng3 Nxd3 16. Qxd3 Ng7 17. Rad1 h5 18. dxe5 dxe5 19. Qd5 c6 20. Qa5 Ne6 21. Nxe5
b6 22. Nxg6 fxg6 23. Bxb6 Qb7 24. Bd4 Nxd4 25. cxd4 h4 26. Nf1 Qxb2 27. e5 Bg7
28. Rd2 Qb6 29. Qxb6 axb6 30. f4 Be6 31. Ree2 Ra4 32. Rb2 b5 33. Rec2 Bd5 34.
Rd2 Rea8 35. g4 hxg3 36. hxg3 Rxa2 37. Ne3 Rxb2 38. Rxb2 Ra1+ 39. Kf2 Rh1 40.
Nf1 Bf8 41. Rc2 b4 42. e6 b3 43. Re2 Rxf1+ 44. Kxf1 Bc4 0-1

[Event "Monarch Assurance Isle of Man 10th"]
[Site "Port Erin IOM"]
[Date "2001.10.01"]
[Round "3.21"]
[White "Ormsby, Alan"]
[Black "Howell, David W"]
[Result "0-1"]
[WhiteElo "1720"]
[BlackElo "2193"]
[PlyCount "48"]
[EventDate "2001.09.29"]
[EventType "swiss"]
[EventRounds "9"]
[EventCountry "IOM"]
[SourceTitle "BritBase"]
[SourceDate "2008.07.14"]
[SourceVersion "1"]
[SourceVersionDate "2008.07.14"]
[SourceQuality "2"]

1. e4 e5 2. Nf3 Nc6 3. Bb5 a6 4. Bxc6 dxc6 5. O-O Bd6 6. d4 exd4 7. Qxd4 f6 8.
Be3 Be6 9. Nbd2 Ne7 10. Qc3 O-O 11. Nc4 Bxc4 12. Qxc4+ Kh8 13. Rad1 Qe8 14. Bc5
Nc8 15. Rfe1 Qh5 16. Bxd6 Nxd6 17. Qb3 Rae8 18. Qd3 Re7 19. Rd2 Rfe8 20. Rde2
c5 21. c4 Qg4 22. a4 Rxe4 23. Kf1 Rxe2 24. Rxe2 Rxe2 0-1

[Event "Monarch Assurance Isle of Man 10th"]
[Site "Port Erin IOM"]
[Date "2001.10.01"]
[Round "3.22"]
[White "Spence, David J"]
[Black "Van Kemenade, Rudy"]
[Result "1/2-1/2"]
[WhiteElo "2185"]
[BlackElo "1992"]
[PlyCount "149"]
[EventDate "2001.09.29"]
[EventType "swiss"]
[EventRounds "9"]
[EventCountry "IOM"]
[SourceTitle "BritBase"]
[SourceDate "2008.07.14"]
[SourceVersion "1"]
[SourceVersionDate "2008.07.14"]
[SourceQuality "2"]

1. e4 e5 2. Nf3 Nf6 3. Nxe5 d6 4. Nf3 Nxe4 5. d4 d5 6. Bd3 Nc6 7. Nbd2 Bf5 8.
Qe2 Qe7 9. O-O Nxd2 10. Qxd2 Bxd3 11. Qxd3 O-O-O {(=)} 12. c3 f6 13. b4 Qe4 14.
Qxe4 dxe4 {(=)} 15. Nd2 f5 16. Nc4 Bd6 17. b5 Ne7 18. Bg5 Rde8 19. b6 axb6 20.
Nxd6+ cxd6 21. Rfb1 h6 22. Bxe7 Rxe7 23. Rxb6 Rd8 24. c4 Rc7 25. Rc1 Kb8 26.
Rc3 Ka7 27. Rb4 Rc6 28. f3 d5 29. Ra3+ Ra6 30. Rxa6+ Kxa6 31. c5 Ka7 32. Rb6
Rd7 33. Re6 Kb8 34. Kf2 Kc7 35. Re5 Kc6 36. Rxf5 exf3 37. Rxf3 Kb5 38. Rc3 Re7
39. Re3 Rf7+ 40. Rf3 Re7 41. Rc3 Re4 42. Rb3+ Kc6 43. Rb6+ Kc7 44. Rg6 Rxd4 45.
Rxg7+ Kc6 46. Rg6+ Kxc5 47. Rxh6 Rd2+ 48. Kf3 Rxa2 49. g4 b5 50. g5 b4 51. g6
Ra8 52. Ke2 Ra2+ 53. Kf3 Ra8 {(=)} 54. Ke3 d4+ 55. Kd3 Ra3+ 56. Kc2 Ra2+ 57.
Kb3 Rg2 58. Rh5+ Kd6 59. Kxb4 Rxg6 60. Kc4 Ke7 61. Kxd4 Kf7 62. h4 Kg7 63. Ke5
Ra6 64. Rg5+ Kh7 65. Kf5 Rb6 66. Rg1 Ra6 67. h5 Rb6 68. Rg6 Rxg6 69. hxg6+ Kg7
70. Kg5 Kg8 71. Kf5 Kg7 72. Kg5 Kg8 73. Kh6 Kh8 74. g7+ Kg8 75. Kg6 1/2-1/2

[Event "Monarch Assurance Isle of Man 10th"]
[Site "Port Erin IOM"]
[Date "2001.10.01"]
[Round "3.23"]
[White "Valenti, Richard"]
[Black "Spanton, Tim"]
[Result "1-0"]
[WhiteElo "2143"]
[BlackElo "2051"]
[PlyCount "99"]
[EventDate "2001.09.29"]
[EventType "swiss"]
[EventRounds "9"]
[EventCountry "IOM"]
[SourceTitle "BritBase"]
[SourceDate "2008.07.14"]
[SourceVersion "1"]
[SourceVersionDate "2008.07.14"]
[SourceQuality "2"]

1. e4 e5 2. Nc3 Bc5 3. g3 Nc6 4. Bg2 Nf6 5. d3 O-O 6. h3 a6 7. Nge2 d6 8. O-O
Bd7 9. Kh2 Ne8 10. f4 f5 11. exf5 Rxf5 12. Ne4 exf4 13. Nxc5 dxc5 14. Bxf4 Nd6
15. g4 Rf8 16. Qd2 Qf6 17. Nc3 Rae8 18. Nd5 Qd8 19. Bg5 Qb8 20. Rxf8+ Rxf8 21.
Ne7+ Nxe7 22. Bxe7 Re8 23. Re1 c6 24. Qf4 Nf7 25. Qxb8 Rxb8 26. Bxc5 Re8 27.
Rxe8+ Bxe8 28. Kg3 g5 29. Be4 Bd7 30. Be7 Be6 31. b3 h6 32. d4 Nh8 33. Bf6 Nf7
34. Be7 Nh8 35. Bf6 Nf7 36. c4 Nd6 37. Bf3 Kf7 38. Be5 Nc8 39. Kf2 Ne7 40. Ke3
Ng6 41. Bg3 Ne7 42. Kd3 Kf6 43. a4 Kf7 44. Kc3 h5 45. a5 h4 46. Bh2 Ke8 47. Kb4
Kf7 48. Kc5 Nc8 49. d5 cxd5 50. cxd5 1-0

[Event "Monarch Assurance Isle of Man 10th"]
[Site "Port Erin IOM"]
[Date "2001.10.01"]
[Round "3.24"]
[White "Arakhamia-Grant, Ketevan"]
[Black "Stuart, E Leslie"]
[Result "1-0"]
[WhiteElo "2446"]
[BlackElo "2039"]
[PlyCount "49"]
[EventDate "2001.09.29"]
[EventType "swiss"]
[EventRounds "9"]
[EventCountry "IOM"]
[SourceTitle "BritBase"]
[SourceDate "2008.07.14"]
[SourceVersion "1"]
[SourceVersionDate "2008.07.14"]
[SourceQuality "2"]

1. e4 c5 2. Nf3 e6 3. Nc3 a6 4. d4 cxd4 5. Nxd4 Qc7 6. Bd3 b5 7. a3 Bb7 8. O-O
Nf6 9. Qe2 d6 10. f4 Be7 11. Kh1 Nbd7 12. Bd2 Qc5 13. Nb3 Qc7 14. Rae1 Rd8 15.
e5 Nd5 16. Qh5 g6 17. Qh6 Bf8 18. Qh3 dxe5 19. fxe5 Nxc3 20. Bxc3 Bg7 21. Rxf7
Kxf7 22. Rf1+ Bf6 23. exf6 Qd6 24. Qh6 Qf8 25. Qg7+ 1-0

[Event "Monarch Assurance Isle of Man 10th"]
[Site "Port Erin IOM"]
[Date "2001.10.01"]
[Round "3.25"]
[White "Crouch, Colin"]
[Black "Dossett, Chris"]
[Result "1-0"]
[WhiteElo "2407"]
[BlackElo "1768"]
[PlyCount "53"]
[EventDate "2001.09.29"]
[EventType "swiss"]
[EventRounds "9"]
[EventCountry "IOM"]
[SourceTitle "BritBase"]
[SourceDate "2008.07.14"]
[SourceVersion "1"]
[SourceVersionDate "2008.07.14"]
[SourceQuality "2"]

1. d4 Nf6 2. c4 e5 3. dxe5 Ng4 4. Nc3 Nxe5 5. e3 Nbc6 6. f4 Ng6 7. Bd3 Bb4 8.
Nge2 O-O 9. O-O Re8 10. a3 Bc5 11. Ne4 d6 12. N2c3 a6 13. Qh5 Qh4 14. Qxh4 Nxh4
15. Nxc5 dxc5 16. Nd5 Rd8 17. Nxc7 Rxd3 18. Nxa8 Na5 19. b4 Nxc4 20. bxc5 b5
21. Nb6 Nxb6 22. cxb6 Bb7 23. Ra2 Bd5 24. Rc2 Bc4 25. Rd2 Rxd2 26. Bxd2 Bxf1
27. Kxf1 1-0

[Event "Monarch Assurance Isle of Man 10th"]
[Site "Port Erin IOM"]
[Date "2001.10.01"]
[Round "3.26"]
[White "Benson, Paul"]
[Black "Allen, Keith"]
[Result "0-1"]
[WhiteElo "2046"]
[BlackElo "2289"]
[PlyCount "36"]
[EventDate "2001.09.29"]
[EventType "swiss"]
[EventRounds "9"]
[EventCountry "IOM"]
[SourceTitle "BritBase"]
[SourceDate "2008.07.14"]
[SourceVersion "1"]
[SourceVersionDate "2008.07.14"]
[SourceQuality "2"]

1. d4 d5 2. Nc3 f5 3. Bg5 g6 4. h4 Bg7 5. Nh3 c6 6. Qd3 Nd7 7. O-O-O b5 8. e3
Qa5 9. Kb1 Nb6 10. f3 Nc4 11. Ne2 Nf6 12. Nc1 e5 13. Nb3 Qc7 14. Nc5 O-O 15.
dxe5 Qxe5 16. Qd4 Qd6 17. Bf4 Qe7 18. Nd3 Ne4 0-1

[Event "Monarch Assurance Isle of Man 10th"]
[Site "Port Erin IOM"]
[Date "2001.10.01"]
[Round "3.27"]
[White "Bisby, Daniel"]
[Black "Waugh, Jonathon C"]
[Result "1-0"]
[WhiteElo "2285"]
[BlackElo "1672"]
[PlyCount "33"]
[EventDate "2001.09.29"]
[EventType "swiss"]
[EventRounds "9"]
[EventCountry "IOM"]
[SourceTitle "BritBase"]
[SourceDate "2008.07.14"]
[SourceVersion "1"]
[SourceVersionDate "2008.07.14"]
[SourceQuality "2"]

1. e4 c5 2. Nc3 Nc6 3. g3 g6 4. Bg2 Bg7 5. d3 e6 6. Be3 d6 7. Qd2 Nge7 8. Bh6
O-O 9. h4 f5 10. Bxg7 Kxg7 11. h5 Rh8 12. Nf3 Bd7 13. O-O-O Qa5 14. exf5 Nxf5
15. Kb1 Rab8 16. g4 Nfd4 17. Qf4 1-0

[Event "Monarch Assurance Isle of Man 10th"]
[Site "Port Erin IOM"]
[Date "2001.10.01"]
[Round "3.28"]
[White "Nicholson, John"]
[Black "Isherwood, Paul"]
[Result "0-1"]
[WhiteElo "1865"]
[BlackElo "2172"]
[PlyCount "80"]
[EventDate "2001.09.29"]
[EventType "swiss"]
[EventRounds "9"]
[EventCountry "IOM"]
[SourceTitle "BritBase"]
[SourceDate "2008.07.14"]
[SourceVersion "1"]
[SourceVersionDate "2008.07.14"]
[SourceQuality "2"]

1. e4 e5 2. Nf3 Nc6 3. Bb5 a6 4. Ba4 Nf6 5. d3 b5 6. Bb3 Bc5 7. c3 d6 8. O-O
Bb7 9. h3 Bb6 10. Re1 h6 11. Nbd2 Ne7 12. Nf1 Ng6 13. Be3 c5 14. Ng3 O-O 15.
Bc2 d5 16. Bc1 Re8 17. c4 dxe4 18. Nxe4 Nxe4 19. dxe4 Ba5 20. Bd2 bxc4 21. Qe2
Bxd2 22. Nxd2 {(=)} Nf4 23. Qe3 Qg5 24. g4 Rad8 25. Nxc4 Rd4 26. b3 h5 27. Kh2
Red8 28. Qg3 h4 29. Qe3 Rd3 30. Bxd3 Rxd3 31. Rad1 Rxe3 32. Rxe3 Ne6 33. Rd7
Qf4+ 34. Kg1 Bxe4 35. Nd6 Bg6 36. Nc4 f6 37. Rd6 Ng5 38. Rxa6 Nxh3+ 39. Rxh3
Qxg4+ 40. Kh2 Be4 0-1

[Event "Monarch Assurance Isle of Man 10th"]
[Site "Port Erin IOM"]
[Date "2001.10.02"]
[Round "4.1"]
[White "Yakovich, Yuri"]
[Black "Tiviakov, Sergei"]
[Result "1/2-1/2"]
[WhiteElo "2577"]
[BlackElo "2618"]
[PlyCount "149"]
[EventDate "2001.09.29"]
[EventType "swiss"]
[EventRounds "9"]
[EventCountry "IOM"]
[SourceTitle "BritBase"]
[SourceDate "2008.07.14"]
[SourceVersion "1"]
[SourceVersionDate "2008.07.14"]
[SourceQuality "2"]

1. e4 c5 2. Nf3 Nc6 3. d4 cxd4 4. Nxd4 g6 5. Nc3 Bg7 6. Be3 Nf6 7. Bc4 O-O 8.
Bb3 a5 9. f3 d5 10. Bxd5 Nxd5 11. exd5 Nb4 12. Nde2 Bf5 13. Rc1 b5 14. a3 Nxc2+
15. Rxc2 Bxc2 16. Qxc2 b4 17. Na4 Qxd5 18. Nb6 Qe6 19. Kf2 Rab8 20. Nf4 Qa2 21.
axb4 axb4 22. Qb1 b3 23. Qxa2 bxa2 24. Ra1 Rfc8 25. Rxa2 Rc2+ 26. Kg3 Rxb2 27.
Ra6 e6 28. Nd7 Rd8 29. Ra7 Rb3 30. Bc5 Re8 31. Bd6 Rb5 32. Nc5 Bd4 33. Rc7 Ra8
34. Nfd3 Rba5 35. h4 R5a7 36. Rc6 Kg7 37. Ne4 Rd8 38. Rc4 Ba1 39. Be5+ Bxe5+
40. Nxe5 Rd5 41. f4 h5 42. Rb4 Re7 43. Rb6 Ra7 44. Nd6 Re7 45. Ra6 Rd4 46. Kf3
f6 47. Nec4 e5 48. fxe5 fxe5 49. g3 e4+ 50. Ke2 Rd3 51. Ne3 Rb3 52. Ndc4 Rb5
53. Ra2 Rc5 54. Nd6 Re6 55. Rd2 Rc6 56. Ndc4 Re7 57. Rd4 Ra6 58. Nd5 Rd7 59.
Ke3 Ra1 60. Kxe4 Rf1 61. Nce3 Rf2 62. Rd3 Rd8 63. Nc4 Re8+ 64. Kd4 Ref8 65. Ne5
R8f5 66. Ra3 Kh6 67. Ne3 Rf6 68. Ra8 Rd2+ 69. Ke4 Re6 70. Ra5 Rd7 71. Nd5 Rdd6
72. Ra7 Ra6 73. Rb7 Ra4+ 74. Nb4 Ra5 75. Nbd3 1/2-1/2

[Event "Monarch Assurance Isle of Man 10th"]
[Site "Port Erin IOM"]
[Date "2001.10.02"]
[Round "4.2"]
[White "Kiriakov, Petr"]
[Black "Baburin, Alexander"]
[Result "1-0"]
[WhiteElo "2548"]
[BlackElo "2584"]
[PlyCount "55"]
[EventDate "2001.09.29"]
[EventType "swiss"]
[EventRounds "9"]
[EventCountry "IOM"]
[SourceTitle "BritBase"]
[SourceDate "2008.07.14"]
[SourceVersion "1"]
[SourceVersionDate "2008.07.14"]
[SourceQuality "2"]

1. d4 d5 2. c4 dxc4 3. e3 Be6 4. Ne2 Bd7 5. Nec3 b5 6. Qf3 Na6 7. Nxb5 Nf6 8.
Bxc4 e6 9. Qb7 c6 10. Qxa6 cxb5 11. Bxb5 Bb4+ 12. Bd2 Bxd2+ 13. Nxd2 Rb8 14.
Bxd7+ Qxd7 15. b3 O-O 16. O-O Nd5 17. Nf3 Nb4 18. Ne5 Qe7 19. Qe2 f6 20. Nd3 a5
21. Rac1 e5 22. Nxb4 axb4 23. d5 e4 24. Rfd1 Rfd8 25. Rc6 Rd6 26. Qc4 Rbd8 27.
Qxb4 Rxd5 28. Qc4 1-0

[Event "Monarch Assurance Isle of Man 10th"]
[Site "Port Erin IOM"]
[Date "2001.10.02"]
[Round "4.3"]
[White "Hillarp Persson, Tiger"]
[Black "Stocek, Jiri"]
[Result "1/2-1/2"]
[WhiteElo "2438"]
[BlackElo "2530"]
[PlyCount "72"]
[EventDate "2001.09.29"]
[EventType "swiss"]
[EventRounds "9"]
[EventCountry "IOM"]
[SourceTitle "BritBase"]
[SourceDate "2008.07.14"]
[SourceVersion "1"]
[SourceVersionDate "2008.07.14"]
[SourceQuality "2"]

1. c4 Nf6 2. Nc3 e5 3. Nf3 Nc6 4. d3 g6 5. g3 Bg7 6. Bg2 O-O 7. O-O d6 8. Rb1
a5 9. a3 Re8 10. Bg5 h6 11. Bxf6 Bxf6 12. b4 axb4 13. axb4 Bg7 14. b5 Ne7 15.
Qc2 Be6 16. Nd2 c6 17. Rfc1 Qc7 18. Rb4 Rec8 19. Rcb1 d5 20. bxc6 bxc6 21. Rb7
Qd6 22. e4 Bf8 23. exd5 cxd5 24. cxd5 Nxd5 25. Nc4 Qd8 26. Nxd5 Bxd5 27. Bxd5
Qxd5 28. R7b5 Rc5 29. Rxc5 {(=)} Bxc5 30. Qe2 Bd4 31. h4 h5 32. Kh2 Ra6 33. Rc1
Kg7 34. Rc2 Rf6 35. Qe4 Qb5 36. Kg2 Qc6 1/2-1/2

[Event "Monarch Assurance Isle of Man 10th"]
[Site "Port Erin IOM"]
[Date "2001.10.02"]
[Round "4.4"]
[White "Gleizerov, Evgeny"]
[Black "Cherniaev, Alexander"]
[Result "1/2-1/2"]
[WhiteElo "2587"]
[BlackElo "2437"]
[PlyCount "71"]
[EventDate "2001.09.29"]
[EventType "swiss"]
[EventRounds "9"]
[EventCountry "IOM"]
[SourceTitle "BritBase"]
[SourceDate "2008.07.14"]
[SourceVersion "1"]
[SourceVersionDate "2008.07.14"]
[SourceQuality "2"]

1. d4 Nf6 2. c4 e6 3. g3 c5 4. d5 exd5 5. cxd5 b5 6. Bg2 d6 7. e4 Nbd7 8. Nf3
Bb7 9. O-O Be7 10. Nh4 g6 11. Bh6 Ne5 12. h3 Qb6 13. Nc3 a6 14. f4 Nc4 15. e5
Nh5 16. Re1 O-O-O 17. Nf5 gxf5 18. Qxh5 dxe5 19. fxe5 Qg6 20. Qxg6 hxg6 21. b3
Nb6 22. Bg7 Rhg8 23. d6 Bg5 24. Bf6 Bxf6 25. Bxb7+ Kxb7 26. exf6 Rxd6 27. Re7+
Kc6 28. Rxf7 Re8 29. Rc1 Nd7 30. Rg7 Rxf6 31. Rd1 Nb6 32. Kf2 Rfe6 33. Rd2 R8e7
34. Rg8 c4 35. Ne2 Kb7 36. Nf4 1/2-1/2

[Event "Monarch Assurance Isle of Man 10th"]
[Site "Port Erin IOM"]
[Date "2001.10.02"]
[Round "4.5"]
[White "Galkin, Alexander"]
[Black "Kirsanov, Oleg"]
[Result "1/2-1/2"]
[WhiteElo "2583"]
[BlackElo "2365"]
[PlyCount "76"]
[EventDate "2001.09.29"]
[EventType "swiss"]
[EventRounds "9"]
[EventCountry "IOM"]
[SourceTitle "BritBase"]
[SourceDate "2008.07.14"]
[SourceVersion "1"]
[SourceVersionDate "2008.07.14"]
[SourceQuality "2"]

1. e4 e6 2. d4 d5 3. Nc3 Nf6 4. Bg5 dxe4 5. Nxe4 Nbd7 6. Nf3 h6 7. Nxf6+ Nxf6
8. Bh4 c5 9. Be2 cxd4 10. Nxd4 Bc5 11. Nb3 Be7 12. Qxd8+ Bxd8 13. O-O-O Bb6 14.
Rhe1 Bd7 15. Nd4 O-O-O 16. Nb5 Bxb5 17. Bxb5 Rxd1+ 18. Rxd1 Rd8 19. Rxd8+ Kxd8
20. f3 g5 21. Be1 Nd5 22. g3 h5 23. h3 Be3+ 24. Kd1 Bd4 25. c3 Bf6 26. Bd3 Be7
27. a3 Bf6 28. Bf2 a6 29. Be4 Kc7 30. Kc2 Be5 31. Bd3 Bf6 32. Kd2 Be5 33. Be1
Ne7 34. Ke3 Nd5+ 35. Ke2 h4 36. gxh4 gxh4 37. Bxh4 Nf4+ 38. Ke3 Nxh3 1/2-1/2

[Event "Monarch Assurance Isle of Man 10th"]
[Site "Port Erin IOM"]
[Date "2001.10.02"]
[Round "4.6"]
[White "Sowray, Peter J"]
[Black "Ulibin, Mikhail"]
[Result "0-1"]
[WhiteElo "2334"]
[BlackElo "2583"]
[PlyCount "38"]
[EventDate "2001.09.29"]
[EventType "swiss"]
[EventRounds "9"]
[EventCountry "IOM"]
[SourceTitle "BritBase"]
[SourceDate "2008.07.14"]
[SourceVersion "1"]
[SourceVersionDate "2008.07.14"]
[SourceQuality "2"]

1. e4 c5 2. Nf3 d6 3. d4 cxd4 4. Nxd4 Nf6 5. Nc3 e6 6. g4 h6 7. h4 Be7 8. Qf3
Nfd7 9. Qg3 Nc6 10. Be3 a6 11. O-O-O Nxd4 12. Bxd4 Rf8 13. Bg2 Qa5 14. f4 g5
15. Be3 gxf4 16. Bxf4 Ne5 17. Bh3 Bd7 18. Rhf1 Nc4 19. Bxd6 Qb6 0-1

[Event "Monarch Assurance Isle of Man 10th"]
[Site "Port Erin IOM"]
[Date "2001.10.02"]
[Round "4.7"]
[White "Smith, Andrew P"]
[Black "Hebden, Mark"]
[Result "0-1"]
[WhiteElo "2234"]
[BlackElo "2559"]
[PlyCount "52"]
[EventDate "2001.09.29"]
[EventType "swiss"]
[EventRounds "9"]
[EventCountry "IOM"]
[SourceTitle "BritBase"]
[SourceDate "2008.07.14"]
[SourceVersion "1"]
[SourceVersionDate "2008.07.14"]
[SourceQuality "2"]

1. d4 Nf6 2. c4 c5 3. e3 g6 4. Nf3 Bg7 5. Nc3 O-O 6. Be2 cxd4 7. Nxd4 Nc6 8.
O-O Nxd4 9. Qxd4 d6 10. Rd1 Be6 11. Bd2 Nd5 12. Qd3 Nb6 13. Qe4 Rc8 14. Qxb7
Nxc4 15. Bxc4 Rc7 16. Qa6 Bxc4 17. Qa3 Qa8 18. Rac1 Rfc8 19. Be1 Qb7 20. f3 Rc6
21. b3 Be6 22. Na4 Qa6 23. Rxc6 Rxc6 24. Bf2 Qe2 25. Rf1 Qd2 26. b4 Rc2 0-1

[Event "Monarch Assurance Isle of Man 10th"]
[Site "Port Erin IOM"]
[Date "2001.10.02"]
[Round "4.8"]
[White "Simons, Martin"]
[Black "Brodsky, Michail"]
[Result "0-1"]
[WhiteElo "2215"]
[BlackElo "2528"]
[PlyCount "40"]
[EventDate "2001.09.29"]
[EventType "swiss"]
[EventRounds "9"]
[EventCountry "IOM"]
[SourceTitle "BritBase"]
[SourceDate "2008.07.14"]
[SourceVersion "1"]
[SourceVersionDate "2008.07.14"]
[SourceQuality "2"]

1. e4 d5 2. d4 dxe4 3. Nc3 Nf6 4. f3 exf3 5. Nxf3 e6 6. Bg5 Be7 7. Qd2 Nbd7 8.
O-O-O O-O 9. Bd3 c5 10. Qf4 cxd4 11. Ne4 Nxe4 12. Bxe7 Qxe7 13. Qxe4 Nf6 14.
Qxd4 Bd7 15. Bxh7+ Kxh7 16. Qh4+ Kg8 17. Ng5 Bb5 18. Rdf1 Bxf1 19. Rxf1 Rfd8
20. Nh7 Qd6 0-1

[Event "Monarch Assurance Isle of Man 10th"]
[Site "Port Erin IOM"]
[Date "2001.10.02"]
[Round "4.9"]
[White "Lalic, Bogdan"]
[Black "Ryan, Joseph"]
[Result "1/2-1/2"]
[WhiteElo "2528"]
[BlackElo "2305"]
[PlyCount "33"]
[EventDate "2001.09.29"]
[EventType "swiss"]
[EventRounds "9"]
[EventCountry "IOM"]
[SourceTitle "BritBase"]
[SourceDate "2008.07.14"]
[SourceVersion "1"]
[SourceVersionDate "2008.07.14"]
[SourceQuality "2"]

1. e4 e6 2. d4 d5 3. Nd2 Nf6 4. Bd3 c5 5. e5 Nfd7 6. c3 Nc6 7. Ne2 cxd4 8. cxd4
f6 9. exf6 Nxf6 10. Nf3 Bd6 11. O-O Qc7 12. g3 O-O 13. Bf4 Ng4 14. Rc1 Bxf4 15.
Nxf4 Rxf4 16. gxf4 Qxf4 17. Be2 1/2-1/2

[Event "Monarch Assurance Isle of Man 10th"]
[Site "Port Erin IOM"]
[Date "2001.10.02"]
[Round "4.11"]
[White "Goodger, Martyn"]
[Black "Flear, Glenn"]
[Result "0-1"]
[WhiteElo "2136"]
[BlackElo "2489"]
[PlyCount "56"]
[EventDate "2001.09.29"]
[EventType "swiss"]
[EventRounds "9"]
[EventCountry "IOM"]
[SourceTitle "BritBase"]
[SourceDate "2008.07.14"]
[SourceVersion "1"]
[SourceVersionDate "2008.07.14"]
[SourceQuality "2"]

1. e4 e5 2. Nf3 Nc6 3. d4 exd4 4. Nxd4 Bc5 5. Be3 Qf6 6. c3 Nge7 7. Bc4 O-O 8.
O-O Bb6 9. Nc2 d6 10. Nd2 Be6 11. Bxe6 Qxe6 12. Nd4 Nxd4 13. cxd4 d5 14. e5 Nf5
15. Nf3 Nxe3 16. fxe3 f6 17. Qd3 Rae8 18. Rfe1 c6 19. b3 fxe5 20. Nxe5 Bc7 21.
Nf3 Qh6 22. Re2 Re4 23. a3 g5 24. h3 g4 25. hxg4 Rxg4 26. e4 Rxf3 27. Qxf3 Qh2+
28. Kf1 Rf4 0-1

[Event "Monarch Assurance Isle of Man 10th"]
[Site "Port Erin IOM"]
[Date "2001.10.02"]
[Round "4.12"]
[White "Gormally, Daniel W"]
[Black "Valenti, Richard"]
[Result "1/2-1/2"]
[WhiteElo "2481"]
[BlackElo "2143"]
[PlyCount "85"]
[EventDate "2001.09.29"]
[EventType "swiss"]
[EventRounds "9"]
[EventCountry "IOM"]
[SourceTitle "BritBase"]
[SourceDate "2008.07.14"]
[SourceVersion "1"]
[SourceVersionDate "2008.07.14"]
[SourceQuality "2"]

1. d4 d6 2. e4 Nf6 3. Nc3 c6 4. f4 Qa5 5. e5 Ne4 6. Qf3 d5 7. Bd3 Na6 8. Nge2
Nb4 9. O-O Nxd3 10. cxd3 Nxc3 11. bxc3 g6 12. a4 h5 13. Ba3 Bg4 14. Qe3 Bxe2
15. Bb4 Qa6 16. Qxe2 e6 17. Bxf8 Rxf8 18. a5 O-O-O 19. Rfb1 Rd7 20. Qe3 Kc7 21.
Rb4 Rfd8 22. h3 Kc8 23. g4 hxg4 24. hxg4 Kc7 25. Kg2 Rh8 26. Rbb1 Kc8 27. Qf3
Re7 28. f5 gxf5 29. gxf5 Kd7 30. Kf2 Rg8 31. Ke3 Rg5 32. f6 Re8 33. Rg1 Rxg1
34. Rxg1 Qxa5 35. Qh5 Rf8 36. Rg7 Ke8 37. Kd2 Qa2+ 38. Ke3 Qa3 39. Qh3 Qc1+ 40.
Ke2 Qc2+ 41. Ke3 Qc1+ 42. Ke2 Qc2+ 43. Ke3 1/2-1/2

[Event "Monarch Assurance Isle of Man 10th"]
[Site "Port Erin IOM"]
[Date "2001.10.02"]
[Round "4.13"]
[White "Shaw, John"]
[Black "Howell, David W"]
[Result "1-0"]
[WhiteElo "2478"]
[BlackElo "2193"]
[PlyCount "81"]
[EventDate "2001.09.29"]
[EventType "swiss"]
[EventRounds "9"]
[EventCountry "IOM"]
[SourceTitle "BritBase"]
[SourceDate "2008.07.14"]
[SourceVersion "1"]
[SourceVersionDate "2008.07.14"]
[SourceQuality "2"]

1. e4 e5 2. Nf3 Nc6 3. Bb5 a6 4. Bxc6 dxc6 5. O-O Bd6 6. d4 exd4 7. Qxd4 f6 8.
Be3 Be6 9. Nbd2 Ne7 10. Rad1 O-O 11. Qc3 Qe8 12. Nc4 Bxc4 13. Qxc4+ Kh8 14. Bc5
Nc8 15. Rfe1 Qh5 16. e5 fxe5 17. Re4 b6 18. Bb4 Bxb4 19. Qxb4 Nd6 20. Rxe5 Qf7
21. b3 h6 22. Rde1 Qg6 23. Qc3 Nb5 24. Qd3 Qxd3 25. cxd3 Rad8 {(=)} 26. Re7 Kh7
27. Ne5 Rfe8 28. Nxc6 Rxe7 29. Rxe7 Rxd3 30. h4 Rd1+ 31. Kh2 Rd2 32. f4 Rxa2
33. Ne5 Nd4 34. h5 Rf2 35. Re8 g6 36. hxg6+ Kg7 37. Re7+ Kg8 38. Ng4 Rxf4 39.
Nxh6+ Kf8 40. g7+ Kxe7 41. g8=Q 1-0